| 000 | 00634nam a2200193 a 4500 | ||
|---|---|---|---|
| 001 | 000032069 | ||
| 003 | DO-SdBNP | ||
| 005 | 20250120084525.0 | ||
| 008 | 110712s19uu dr a 000 0 spa d | ||
| 040 |
_aDO-SdBNP _bspa _cBNPHU |
||
| 049 | _aBNPD | ||
| 082 |
_axxxx _bS487v |
||
| 100 | 1 |
_aSerra, Nidia _929116 |
|
| 245 | 1 | 3 |
_aLa paz vista por los niños / _cNidia Serra ; presentación Máximo Avilés Blonda. |
| 260 |
_a[Santo Domingo : _bComisión Organizadora Permanente de la Feria Nacional del Libro., _c19--?]. |
||
| 300 |
_a30 p. : _bil. ; _c26 cm. |
||
| 700 | 1 | 2 |
_aAvilés Blonda, Máximo, _d1931-1988 _97914 |
| 942 |
_2ddc _cLBS1 |
||
| 999 |
_c31560 _d31560 |
||